| 000 | 00669nam0a22002291 4500 | ||
|---|---|---|---|
| 001 | RU\NLR\BIBL_A\022127632 | ||
| 005 | 20250625132143.0 | ||
| 035 | _a(NLR Aleph) 022127632 | ||
| 090 |
_a12825943 _c12825943 |
||
| 100 | _a20240206d1983 |||y0rusy50 ca | ||
| 101 | 1 |
_arus _cvie |
|
| 102 | _aRU | ||
| 105 | _ay s|||000gy | ||
| 200 | 1 |
_aЛук Ван Тиен _eПоэма _fНгуэн Динь Тиэу |
|
| 210 |
_aКиев _cХудожественная литература _d1983 |
||
| 215 | _a110 с. | ||
| 700 | 1 |
_aДинь Тиэу _bНгуэн _4070 |
|
| 852 |
_aNLR _bОЛСАА-сл-спр _j1-129 |
||
| 942 | _cBOOK | ||
| 980 | _aNB | ||
| 980 | 1 | _aSL_SPR | |